| 000 | 00726nam a2200253 a 4500 | ||
|---|---|---|---|
| 003 | AR-BaBNM | ||
| 005 | 20251128204836.0 | ||
| 008 | 082120s2002 ||||||||||||||000 | spa|| | ||
| 020 | _a950-9829-61-7 | ||
| 040 | _cAR-BaBNM | ||
| 100 | 1 | _aToker, Eliahu | |
| 245 | 0 | 0 |
_aSus nombres y sus rostros _bálbum recordatorio de las víctimas del atentado del 18 de julio de 1994 |
| 260 |
_aBuenos Aires _bAMIA _bComunidad judía de Buenos Aires _c1995 |
||
| 300 |
_a99 p. _bil. |
||
| 500 | _aGlosario: p. 99 | ||
| 610 | 2 | 4 | _aAsociación Mutual Israelita Argentina |
| 650 | 4 | _aTERRORISMO | |
| 650 | 4 | _aJUDAISMO | |
| 650 | 4 | _aCONFLICTO POLITICO | |
| 651 | 4 | _aIsrael | |
| 651 | 4 | _aArgentina | |
| 942 | _cBK | ||
| 998 | _cEnrique | ||
| 999 |
_c9006 _d9006 |
||